000 00320 a2200157 4500
001 67390
020 _a9788535713602
040 _cAnchieta - Pituba
100 _aDegenszajn, David
240 1 0 _aMatemática
_lpor
245 1 0 _aMatemática
300 _a496
362 0 _a2010
650 4 _aMatemática
942 _cBK
999 _c67390
_d67390